000 00448nam a22001457a 4500
999 _c4909
_d4909
008 170119b xxu||||| |||| 00| 0 eng d
020 _a978-1-4473-0503-3
082 _a305.5
100 _aROGEGOWSKI,Steve
245 _aCritical Social Work With Children and Families
_bTheory Context and Practice
_cSteve Rogowski
_hEnglish
260 _aBriston
_bThe policy Press
_c2013
300 _a195p.
_c26cm
650 _2Social Classes
942 _2ddc
_cBOOKS